Movies Quiz

Random Movies or Actor Quiz

Who Wasn't In... 3 (90s movies) Quiz Stats

 Plays Quiz not verified by Sporcle

Challenge
Share
Tweet
Embed
Score 0/20 Timer 03:00
0 Plays Today
Question Answer Wrong Answers
Who wasn't in... A League of Their Own (1992)? Cher
90.6%
Tom Hanks
2.5%
Geena Davis
1.2%
Rosie O'Donnell
3.1%
Who wasn't in... Forrest Gump (1994)? Bill Paxton
90.1%
Gary Sinise
4.4%
Tom Hanks
0.5%
Sally Field
2.5%
Who wasn't in... The Silence of the Lambs (1991)? Christopher Lloyd
89.1%
Anthony Hopkins
0.5%
Jodie Foster
0.3%
Scott Glenn
7.1%
Who wasn't in... Goodfellas (1990)? Harvey Keitel
87.5%
Robert De Niro
4.8%
Joe Pesci
2.6%
Ray Liotta
2.5%
Who wasn't in... The Big Lebowski (1998)? Jessica Lange
86.8%
John Goodman
0.3%
Julianne Moore
7.9%
Steve Buscemi
2.6%
Who wasn't in... The Truman Show (1998)? Helen Hunt
86%
Jim Carrey
0.3%
Laura Linney
9.1%
Ed Harris
2%
Who wasn't in... Good Will Hunting (1997)? Michelle Williams
84.2%
Minnie Driver
7.6%
Ben Affleck
4.3%
Matt Damon
0.8%
Who wasn't in... Jurassic Park (1993)? Albert Finney
84.2%
Sam Neill
1.2%
Laura Dern
2%
Richard Attenborough
9.6%
Who wasn't in... The Matrix (1999)? Samuel L. Jackson
83%
Hugo Weaving
8.4%
Carrie-Anne Moss
4.8%
Keanu Reeves
0.7%
Who wasn't in... Heat (1995)? Tom Cruise
82.9%
Robert De Niro
2.1%
Jon Voight
8.6%
Val Kilmer
3.5%
Who wasn't in... Groundhog Day (1993)? Dan Aykroyd
81.9%
Andie MacDowell
1.6%
Bill Murray
0.2%
Stephen Tobolowsky
12.7%
Who wasn't in... Trainspotting (1996)? Jude Law
81.2%
Robert Carlyle
5.9%
Ewan McGregor
1.8%
Jonny Lee Miller
7.7%
Who wasn't in... Cape Fear (1991)? Jeff Bridges
80.1%
Robert De Niro
3.3%
Nick Nolte
7.9%
Jessica Lange
6.1%
Who wasn't in... Independence Day (1996)? Bill Paxton
76.9%
Jeff Goldblum
3.5%
Will Smith
0.5%
Bill Pullman
16.5%
Who wasn't in... Interview with the Vampire: The Vampire Chronicles (1994)? Christopher Lee
74.8%
Christian Slater
14%
Brad Pitt
3.6%
Kirsten Dunst
5.1%
Who wasn't in... The Hunt for Red October (1990)? Denzel Washington
73.8%
Sean Connery
1.2%
Sam Neill
19.1%
Alec Baldwin
3.5%
Who wasn't in... Being John Malkovich (1999)? Annette Bening
72.2%
John Malkovich
4.6%
John Cusack
5.9%
Cameron Diaz
14.7%
Who wasn't in... Unforgiven (1992)? Laura Linney
65.1%
Clint Eastwood
2%
Gene Hackman
3.1%
Richard Harris
28%
Who wasn't in... Grosse Pointe Blank (1997)? Jim Caviezel
61.6%
John Cusack
3.3%
Hank Azaria
12.5%
Dan Aykroyd
19.8%
Who wasn't in... Twelve Monkeys (1995)? John Malkovich
61.6%
Bruce Willis
3%
Brad Pitt
3.1%
Christopher Plummer
29.7%

You're not logged in!

Compare scores with friends on all Sporcle quizzes.
Join for Free
OR
Log In

You Might Also Like...

Show Comments

Extras

Curator's Pick Mar 25, 2018ReportNominate
Tags:Actor Quiz, 1990, Movie Stars, not, wasnt

Top Quizzes Today


Score Distribution

Your Account Isn't Verified!

In order to create a playlist on Sporcle, you need to verify the email address you used during registration. Go to your Sporcle Settings to finish the process.

Report this User

Report this user for behavior that violates our Community Guidelines.

Details: